Police performance measurement index (Record no. 513526)

000 -LEADER
fixed length control field 00418nam a22001457a 4500
008 - FIXED-LENGTH DATA ELEMENTS--GENERAL INFORMATION
fixed length control field 200305b ||||| |||| 00| 0 eng d
100 ## - MAIN ENTRY--PERSONAL NAME
Personal name Jangid, S.R.
245 ## - TITLE STATEMENT
Title Police performance measurement index
260 ## - PUBLICATION, DISTRIBUTION, ETC. (IMPRINT)
Name of publisher, distributor, etc Indian Police Journal
300 ## - PHYSICAL DESCRIPTION
Extent 66(4), Oct-Dec, 2019: p.151-169.
650 ## - SUBJECT ADDED ENTRY--TOPICAL TERM
Topical term or geographic name as entry element Performance measurement
9 (RLIN) 16542
773 ## - HOST ITEM ENTRY
Main entry heading Indian Police Journal
906 ## - LOCAL DATA ELEMENT F, LDF (RLIN)
Subject DIP Police
942 ## - ADDED ENTRY ELEMENTS (KOHA)
Source of classification or shelving scheme
Item type Articles
Holdings
Withdrawn status Lost status Source of classification or shelving scheme Damaged status Not for loan Permanent location Current location Date acquired Serial Enumeration / chronology Barcode Date last seen Koha item type
          Indian Institute of Public Administration Indian Institute of Public Administration 2020-03-05 66(4), Oct-Dec, 2019: p.151-169. AR122686 2020-03-05 Articles

Powered by Koha